Piłkarze Rb Lipsk - Statystyki

Ogólne statystyki
  • Ten quiz został rozwiązany 17 razy
  • Średni wynik to 9 z 24
Statystyki odpowiedzi
Piłkarz Narodowość Pozycja % Poprawnych
Openda Belgia Napastnik
86%
Gulacsi Węgry Bramkarz
79%
Sesko Słowenia Napastnik
71%
Simons Holandia Pomocnik
64%
Poulsen Dania Napastnik
57%
Orban Węgry Obrońca
50%
Silva Portugalia Napastnik
50%
Baumgartner Austria Pomocnik
43%
Haidara Mali Pomocnik
43%
Kampl Słowenia Pomocnik
43%
Klostermann Niemcy Obrońca
43%
Elmas Macedonia Pomocnik
36%
Lukeba Francja Obrońca
36%
Raum Niemcy Obrońca
36%
Seiwald Austria Pomocnik
36%
Schlager Austria Pomocnik
21%
Vermeeren Belgia Pomocnik
21%
Bitshiabu Francja Obrońca
14%
Geertruida Holandia Obrońca
14%
Henrichs Niemcy Obrońca
14%
Nusa Norwegia Napastnik
14%
Zingerle Niemcy Bramkarz
14%
Ouedraogo Niemcy Pomocnik
7%
Vandevoordt Belgia Bramkarz
7%
Nie znaleziono quizów pasujących do podanych kryteriów
Rozkład punktacji
Procent ludzi z każdym wynikiem
Percentyl według liczby udzielonych odpowiedzi
Twoja historia wyników
Nie rozwiązałeś tego quizu